Todo el ms-word para windows 95; versión 7.0 en un solo libro /
Guardado en:
| Formato: | Libro |
|---|---|
| Publicado: |
Buenos Aires :
Gyr,
1998
|
| Materias: | |
| Etiquetas: |
Agregar Etiqueta
Sin Etiquetas, Sea el primero en etiquetar este registro!
|
| LEADER | 00522nam a22001815a 4500 | ||
|---|---|---|---|
| 001 | CEM.cems009735 | ||
| 005 | 20060214000000.0 | ||
| 008 | 130507s1998##################000#0#####d | ||
| 003 | CEMS | ||
| 082 | 0 | 4 | |a 001.6425 |
| 245 | 0 | 0 | |a Todo el ms-word para windows 95; versión 7.0 en un solo libro / |
| 260 | |a Buenos Aires : |b Gyr, |c 1998 | ||
| 300 | |a 234 p. | ||
| 653 | |a Computacion | ||
| 653 | |a Informatica | ||
| 653 | |a Windows-aplicaciones | ||
| 653 | |a Word 7.0 | ||
| 859 | |a CEMS |b BIB. CEMS - 11 de abril |h 001.6425 |i G999-9 |p 19932.98 |t Ej.1 | ||
